000 00610nam a2200229Ia 4500
003 OSt
005 20221007071106.0
006 a|||||r|||| 00| 0
007 ta
008 221006b |||||||| |||| 00| 0 eng d
024 _a22,209
037 _cTextual
040 _aFLL
_cFLL
_beng
041 _2eng
_aeng
082 _aZ2:94, H0
100 _aMonir M.
245 0 _aPrinciples and digest of the law of evidence
260 _aLahore
_bThe University Book Agency Pakistan
_c1940
300 _acxvii,1306p
_ccm.
942 _hZ2:94, H0
_cTEXL
_2CC
999 _c1142419
_d1142419